| 000 | 01346nam a22002897a 4500 | ||
|---|---|---|---|
| 001 | 314 | ||
| 003 | FISKH | ||
| 005 | 20250210152309.0 | ||
| 008 | 230320b cb ||||| |||| 00| 0 eng d | ||
| 020 | _a9780590129275 | ||
| 040 |
_aFISKH _beng _cFISKH _dFISKH |
||
| 050 | _aPZ8.S14 | ||
| 082 | _a843.912 | ||
| 100 |
_aSaint-Exupéry, Antoine de _d1900-1944 _eauthor |
||
| 245 |
_aThe little prince _cWritten and illustrated by Antoine de Saint Exupéry |
||
| 260 |
_aNew York _bScholastic _c1971 |
||
| 300 |
_a111 p. _c18 cm. |
||
| 505 | _aM | ||
| 520 | _aThe Little Prince, first published in 1943, is a novella, the most famous work of the French aristocrat, writer, poet, and pioneering aviator Antoine de Saint-Exupéry (1900-1944). The novella is the fourth most-translated book in the world and was voted the best book of the 20th century in France. Translated into more than 250 languages and dialects (as well as Braille), selling nearly two million copies annually with sales totaling over 140 million copies worldwide, it has become one of the best-selling books ever published. | ||
| 521 | 8 |
_a630
_bLexile |
|
| 521 | 8 |
_aM
_bRaz-Plus |
|
| 650 |
_aConduct of life _vJuvenile Fiction |
||
| 650 |
_aSahara _vJuvenile Fiction |
||
| 650 |
_aPrinces _vJuvenile Fiction |
||
| 650 |
_aAir pilots _vJuvenile Fiction |
||
| 942 |
_2ddc _cBK _n0 |
||
| 999 |
_c314 _d314 |
||